<?xml version="1.0" encoding="UTF-8"?>
<record
    xmlns:xsi="http://www.w3.org/2001/XMLSchema-instance"
    xsi:schemaLocation="http://www.loc.gov/MARC21/slim http://www.loc.gov/standards/marcxml/schema/MARC21slim.xsd"
    xmlns="http://www.loc.gov/MARC21/slim">

  <leader>01254nam a22002057a 4500</leader>
  <controlfield tag="003">BD-DhUL</controlfield>
  <controlfield tag="005">20170222184545.0</controlfield>
  <controlfield tag="008">170222s2007    bg  |||| m||| 00| 0 ben d</controlfield>
  <datafield tag="040" ind1=" " ind2=" ">
    <subfield code="a">BD-DhUL</subfield>
    <subfield code="c">BD-DhUL</subfield>
  </datafield>
  <datafield tag="082" ind1=" " ind2=" ">
    <subfield code="a">307.772</subfield>
    <subfield code="b">SHB</subfield>
  </datafield>
  <datafield tag="100" ind1="1" ind2=" ">
    <subfield code="a">&#x9B8;&#x9BE;&#x9B9;&#x9BE;, &#x9AD;&#x9AC;&#x9BE;&#x9A8;&#x9C0;</subfield>
  </datafield>
  <datafield tag="245" ind1="1" ind2="0">
    <subfield code="a">&#x9AC;&#x9BE;&#x982;&#x9B2;&#x9BE;&#x9A6;&#x9C7;&#x9B6;&#x9C7; &#x995;&#x9CD;&#x9B7;&#x9C1;&#x9A6;&#x9CD;&#x9B0; &#x9B8;&#x9AE;&#x9CD;&#x9AA;&#x9CD;&#x9B0;&#x9A6;&#x9BE;&#x9AF;&#x9BC;&#x9C7;&#x9B0; &#x9B0;&#x9BE;&#x99C;&#x9A8;&#x9C0;&#x9A4;&#x9BF; : </subfield>
    <subfield code="b">&#x997;&#x9BE;&#x9B0;&#x9CB; &#x9B8;&#x9AE;&#x9CD;&#x9AA;&#x9CD;&#x9B0;&#x9A6;&#x9BE;&#x9AF;&#x9BC;&#x9C7;&#x9B0; &#x989;&#x9AA;&#x9B0; &#x98F;&#x995;&#x99F;&#x9BF; &#x995;&#x9C7;&#x9B8; &#x9B8;&#x9CD;&#x99F;&#x9BE;&#x9A1;&#x9BF; /</subfield>
    <subfield code="c">&#x9AD;&#x9AC;&#x9BE;&#x9A8;&#x9C0; &#x9B8;&#x9BE;&#x9B9;&#x9BE;</subfield>
    <subfield code="h">[&#x985;&#x9AD;&#x9BF;&#x9B8;&#x9A8;&#x9CD;&#x9A6;&#x9B0;&#x9CD;&#x9AD; &#x9AA;&#x9BF;&#x98F;&#x987;&#x99A;&#x9A1;&#x9BF;]</subfield>
  </datafield>
  <datafield tag="260" ind1=" " ind2=" ">
    <subfield code="a">&#x9A2;&#x9BE;&#x995;&#x9BE; :</subfield>
    <subfield code="b">&#x9A2;&#x9BE;&#x995;&#x9BE; &#x9AC;&#x9BF;&#x9B6;&#x9CD;&#x9AC;&#x9AC;&#x9BF;&#x9A6;&#x9CD;&#x9AF;&#x9BE;&#x9B2;&#x9AF;&#x9BC;,</subfield>
    <subfield code="c">&#x9E8;&#x9E6;&#x9E6;&#x9ED;&#x964;</subfield>
  </datafield>
  <datafield tag="300" ind1=" " ind2=" ">
    <subfield code="a">iv, &#x9E8;&#x9ED;&#x9EC; &#x9AA;&#x9C3;. : </subfield>
    <subfield code="b">&#x99A;&#x9BF;&#x9A4;&#x9CD;&#x9B0; ; </subfield>
    <subfield code="c">&#x9E8;&#x9EF; &#x9B8;&#x9C7;&#x9AE;&#x9BF;.</subfield>
  </datafield>
  <datafield tag="500" ind1=" " ind2=" ">
    <subfield code="a">&#x985;&#x9AD;&#x9BF;&#x9B8;&#x9A8;&#x9CD;&#x9A6;&#x9B0;&#x9CD;&#x9AD; (&#x985;&#x9AD;&#x9BF;&#x9B8;&#x9A8;&#x9CD;&#x9A6;&#x9B0;&#x9CD;&#x9AD; &#x9AA;&#x9BF;&#x98F;&#x987;&#x99A;&#x9A1;&#x9BF;)-- &#x9B6;&#x9BE;&#x9A8;&#x9CD;&#x9A4;&#x9BF; &#x993; &#x9B8;&#x982;&#x997;&#x9B0;&#x9CD;&#x9B7; &#x985;&#x9A7;&#x9CD;&#x9AF;&#x9BE;&#x9AF;&#x9BC;&#x9A8; &#x9AC;&#x9BF;&#x9AD;&#x9BE;&#x997;, &#x9A2;&#x9BE;&#x995;&#x9BE; &#x9AC;&#x9BF;&#x9B6;&#x9CD;&#x9AC;&#x9AC;&#x9BF;&#x9A6;&#x9CD;&#x9AF;&#x9BE;&#x9B2;&#x9AF;&#x9BC;, &#x9E8;&#x9E6;&#x9E6;&#x9ED;&#x964; </subfield>
  </datafield>
  <datafield tag="504" ind1=" " ind2=" ">
    <subfield code="a">&#x997;&#x9CD;&#x9B0;&#x9A8;&#x9CD;&#x9A5; &#x9AC;&#x9BF;&#x9AC;&#x9B0;&#x9A3;&#x9C0; : &#x9AA;&#x9C3;. &#x9E8;&#x9EC;&#x9ED;-&#x9E8;&#x9ED;&#x9EC;&#x964;</subfield>
  </datafield>
  <datafield tag="650" ind1=" " ind2="4">
    <subfield code="a">&#x989;&#x9AA;&#x99C;&#x9BE;&#x9A4;&#x9BF;</subfield>
    <subfield code="x"> </subfield>
    <subfield code="y">&#x9AC;&#x9BE;&#x982;&#x9B2;&#x9BE;&#x9A6;&#x9C7;&#x9B6;&#x964;</subfield>
  </datafield>
  <datafield tag="650" ind1=" " ind2="4">
    <subfield code="a">Bangladesh</subfield>
    <subfield code="x"> </subfield>
    <subfield code="y">Tribe.</subfield>
  </datafield>
  <datafield tag="942" ind1=" " ind2=" ">
    <subfield code="2">ddc</subfield>
    <subfield code="c">REF</subfield>
  </datafield>
  <datafield tag="999" ind1=" " ind2=" ">
    <subfield code="c">157540</subfield>
    <subfield code="d">157540</subfield>
  </datafield>
  <datafield tag="952" ind1=" " ind2=" ">
    <subfield code="0">0</subfield>
    <subfield code="1">0</subfield>
    <subfield code="2">ddc</subfield>
    <subfield code="4">0</subfield>
    <subfield code="6">307_772000000000000_SHB</subfield>
    <subfield code="7">1</subfield>
    <subfield code="8">REF</subfield>
    <subfield code="9">289341</subfield>
    <subfield code="a">DUL</subfield>
    <subfield code="b">DUL</subfield>
    <subfield code="c">RC</subfield>
    <subfield code="d">2006-05-18</subfield>
    <subfield code="e">Gift</subfield>
    <subfield code="o">307.772 SHB</subfield>
    <subfield code="p">404127</subfield>
    <subfield code="r">2017-02-22</subfield>
    <subfield code="t">2</subfield>
    <subfield code="w">2017-02-22</subfield>
    <subfield code="y">REF</subfield>
  </datafield>
  <datafield tag="952" ind1=" " ind2=" ">
    <subfield code="0">0</subfield>
    <subfield code="1">0</subfield>
    <subfield code="2">ddc</subfield>
    <subfield code="4">0</subfield>
    <subfield code="6">307_772000000000000_SHB</subfield>
    <subfield code="7">1</subfield>
    <subfield code="8">REF</subfield>
    <subfield code="9">289342</subfield>
    <subfield code="a">DUL</subfield>
    <subfield code="b">DUL</subfield>
    <subfield code="c">RC</subfield>
    <subfield code="d">2006-05-18</subfield>
    <subfield code="e">Gift</subfield>
    <subfield code="o">307.772 SHB</subfield>
    <subfield code="p">404126</subfield>
    <subfield code="r">2017-02-22</subfield>
    <subfield code="t">1</subfield>
    <subfield code="w">2017-02-22</subfield>
    <subfield code="y">REF</subfield>
  </datafield>
</record>
